MCU Trivia - Spoilers - Statistics

General Stats
  • This quiz has been taken 189 times
    116 since last reset
  • The average score is 20 of 34
Answer Stats
Question Answer % Correct
Thor - What is the correct spelling of Thor's hammer? Mjolnir
100%
Avengers Endgame - What causes Tony to lose the Tesseract after obtaining it? He gets a door slammed into his face by Hulk.
83%
Spider-Man Homecoming - What is Flash's nickname for Peter? Penis Parker
83%
Iron Man 3 - From which previous MCU film does Tony have PTSD? The Avengers
83%
Avengers Infinity War - What comes out of Star Lord's gun when he tries to shoot Gamora? Bubbles
75%
Doctor Strange - What is the name of Stephen's co-worker/former girlfriend? Christine Palmer
75%
The Incredible Hulk - What is Abomination's real name? Emil Blonsky
75%
Iron Man - What is the name of the man who helps Tony in the cave? Ho Yinsen
75%
Avengers Age of Ultron - Which Disney character does Ultron reference to multiple times? Pinocchio
75%
WandaVision - What turns out to be the real name of Wanda's "brother" Pietro? Ralph Bohner
75%
Captain America Civil War - Who gets paralysed at the end of the airport fight? War Machine
75%
Captain America The First Avenger - How does Steve earn a ride back to the barracks? He captures the flag by pulling the pin out of the pole holding the flag.
67%
Spider-Man: No Way Home - What do Peter 2 and Peter 3 do together whilst waiting for the Multiverse Villains to arrive? Peter 3 helps crack Peter 2's back.
67%
Black Widow - What does Yelena (Natasha's adopted sister) dislike Natasha doing? Posing after landing a jump.
67%
Doctor Strange in the Multiverse of Madness - How does Blackbolt die? Wanda removes his mouth and he blows up his own brain.
67%
Thor Ragnarok - What does Hela claim as fake in the Asgardian vault? Infinity Gauntlet
58%
Black Panther - What does Shuri call T'challa's new shoes for his suit? Sneakers
58%
Shang Chi and the Legend of the Ten Rings - Who does Abomination fight in the underground cage fights? Wong
58%
The Avengers - How many people does Loki kill in 2 days? 80
50%
Captain Marvel - What was Carol Danvers' call sign when she was in the Air Force? Avenger
50%
Thor The Dark World - Who's statue does Thor decapitate when escaping Asgard. His Grandfather's - Bor
50%
Captain America The Winter Soldier - Whose Birthday party does Alexander Pierce get Nick Fury to promise Iron Man will attend? His Niece's
50%
Falcon and the Winter Solider - What does the therapist ask Sam and Bucky to do in their session? Interlock legs and look into each others eyes.
50%
Hawkeye - What is the name of the gang who constantly fight Clint and Kate throughout the series? Tracksuit Mafia
50%
Loki - how many Loki variants do we see in the series? (Including the original) 7
42%
Guardians of the Galaxy vol. 2 - What is the name of the song playing at the beginning of the film? Brandy (You're a Fine Girl)
42%
Moon Knight - What is the name of the third identity of Marc? Jake Lockley
42%
Eternals - What is the name of the lead Deviant? Kro
42%
Iron Man 2 - Who does Iron Man save from one of Whiplash's drones before it shoots them? Peter Parker
42%
Ant Man and the Wasp - How tall was the tallest height that Scott reached in the suit prior to the movie? 65 feet
33%
Ant Man - Who calls the police on Scott when he returns the suit? Hope Van Dyne
33%
What If...? - How does Thanos die in the penultimate episode? Ultron cuts him in half.
33%
Spider-Man Far From Home - What is the word that MJ claims to mean anything in Italian? Boh
17%
Guardians of the Galaxy - Who explodes after grabbing the Power Stone? Carina
17%
No matching quizzes found
Score Distribution
Percent of People with Each Score
Percentile by Number Answered
Your Score History
You have not taken this quiz since the last reset